| 000 | 00870nam a2200241Ia 4500 | ||
|---|---|---|---|
| 999 |
_c40508 _d40508 |
||
| 001 | 7119 | ||
| 003 | GE_BSU | ||
| 005 | 20230912162531.0 | ||
| 008 | 181216s2012||||ge |||||||||||||| ||geo|| | ||
| 020 | _a9789941196546 | ||
| 040 | _cGE_BSU | ||
| 041 | _ageo | ||
| 080 | _a821.353.1-1 ჭ-46 | ||
| 100 |
_aჭილაძე, თამაზ _918933 |
||
| 245 |
_aპოეზია : ტ.1 / _cთამაზ ჭილაძე ; სარედ. ჯგუფი : ზურაბ აბაშიძე, მანანა ჯანელიძე, ირმა ხარშილაძე. |
||
| 260 | _a. | ||
| 264 |
_aთბილისი : _bპალიტრა L, _c2012. |
||
| 300 |
_a312 გვ. ; _c20 სმ. |
||
| 490 |
_aჩემი რჩეული _vტ 55 _xISSN 2233-3037 |
||
| 541 | _h8ლ. | ||
| 653 | _aპოეზია | ||
| 942 |
_cBK _2udc |
||